Central Library OPAC University of Rajshahi

Descriptive meteorology / (Record no. 10625)

MARC details
000 -LEADER
fixed length control field 00786nam a22002652 4500
001 - CONTROL NUMBER
control field 10625
003 - CONTROL NUMBER IDENTIFIER
rucl marc code BD-RjUL
005 - DATE AND TIME OF LATEST TRANSACTION
control field 20211208235004.0
008 - FIXED-LENGTH DATA ELEMENTS--GENERAL INFORMATION
fixed length control field 140125t1959 nyua 001 0 eng c
035 ## - SYSTEM CONTROL NUMBER
System control number (BD-RjUL)10673
040 ## - CATALOGING SOURCE
Original cataloging agency DLC/ICU
Transcribing agency CGU
Modifying agency EQO
-- BD-RjUL
Language of cataloging eng
041 ## - LANGUAGE CODE
Language code of text/sound track or separate title eng
082 0# - DEWEY DECIMAL CLASSIFICATION NUMBER
Classification number 551.5
Edition number 16
Author mark and year WID 1959
100 1# - MAIN ENTRY--PERSONAL NAME
Personal name Willett, Hurd C.
Fuller form of name (Hurd Curtis),
Dates associated with a name 1903-
9 (RLIN) 32851
245 10 - TITLE STATEMENT
Title Descriptive meteorology /
Statement of responsibility, etc. [by] Hurd C. Willett [and] Frederick Sanders.
250 ## - EDITION STATEMENT
Edition statement 2d ed.
260 ## - PUBLICATION, DISTRIBUTION, ETC. (IMPRINT)
Place of publication, distribution, etc. New York :
Name of publisher, distributor, etc. Academic Press,
Date of publication, distribution, etc. 1959.
300 ## - PHYSICAL DESCRIPTION
Pagination 355 p. :
Illustrations illus. ;
Size 24 cm.
504 ## - BIBLIOGRAPHY, ETC. NOTE
Bibliography, etc Includes index.
650 #0 - SUBJECT ADDED ENTRY--TOPICAL TERM
Topical term or geographic name as entry element Meteorology.
9 (RLIN) 32852
700 1# - ADDED ENTRY--PERSONAL NAME
Personal name Sanders, Frederick,
Dates associated with a name 1923-
942 ## - ADDED ENTRY ELEMENTS (KOHA)
Source of classification or shelving scheme Dewey Decimal Classification
Koha item type Books
Holdings
Lost status Source of classification or shelving scheme Damaged status Not for loan Collection code Permanent Location Current Location Shelving location Date acquired Source of acquisition Total Checkouts Full call number Date last seen Copy number Koha item type
  Dewey Decimal Classification     Non-fiction Central Library, University of Rajshahi Central Library, University of Rajshahi   23/01/1974 U.S.GOVT Gift   551.5 WID 1959 25/01/2014 C-3 Books
  Dewey Decimal Classification   Not For Loan Non-fiction Central Library, University of Rajshahi Central Library, University of Rajshahi Reading Room 23/01/1974 U.S. Govt.   551.5 WID 1959 13/11/2018 C-1 Books
  Dewey Decimal Classification     Non-fiction Central Library, University of Rajshahi Central Library, University of Rajshahi   23/01/1974 U.S. Govt.   551.5 WID 1959 18/11/2018 C-2 Books
  Dewey Decimal Classification     Non-fiction Central Library, University of Rajshahi Central Library, University of Rajshahi   23/01/1974 U.S. Govt.   551.5 WID 1959 18/11/2018 C-3 Books